Доступность минерально-сырьевых ресурсов

Bibliographic Details
Main Author: Пешков А. А. Алексей Александрович
Corporate Author: Российская академия наук (РАН) Институт проблем комплексного освоения недр (ИПКОН)
Other Authors: Мацко Н. А. Наталья Аркадьевна
Summary:В монографии приведены методы экономической оценки минерально-сырьевых ресурсов, применяемые в России и США. Предложены критерий и методы оценки доступности запасов полезных ископаемых, учитывающие не только эффективность их использования, но и степень изученности и подготовленности запасов, цены на минеральную продукцию, а также влияние научно-технического прогресса. Рассмотрены различные способы повышения доступности запасов, разрабатываемых открытым способом. Для экономистов, научных и инженерно-технических работников, занятых в сфере разведки, оценки и разработки месторождений, преподавателей и студентов вузов горногеологического профиля.
Language:Russian
Published: Москва, Наука, 2004
Subjects:
Format: Book
KOHA link:https://koha.lib.tpu.ru/cgi-bin/koha/opac-detail.pl?biblionumber=65082

MARC

LEADER 00000nam0a2200000 4500
001 65082
005 20231031070307.0
010 |a 5020329142 
035 |a (RuTPU)RU\TPU\book\69097 
090 |a 65082 
100 |a 20040615d2004 k y0rusy50 ca 
101 0 |a rus 
102 |a RU 
105 |a a z 001zy 
200 1 |a Доступность минерально-сырьевых ресурсов  |f А. А. Пешков, Н. А. Мацко  |g Российская академия наук; Институт проблем комплексного освоения недр 
210 |a Москва  |c Наука  |d 2004 
215 |a 280 с.  |c ил. 
320 |a Литература: с. 269-276 
330 |a В монографии приведены методы экономической оценки минерально-сырьевых ресурсов, применяемые в России и США. Предложены критерий и методы оценки доступности запасов полезных ископаемых, учитывающие не только эффективность их использования, но и степень изученности и подготовленности запасов, цены на минеральную продукцию, а также влияние научно-технического прогресса. Рассмотрены различные способы повышения доступности запасов, разрабатываемых открытым способом. Для экономистов, научных и инженерно-технических работников, занятых в сфере разведки, оценки и разработки месторождений, преподавателей и студентов вузов горногеологического профиля. 
610 1 |a минерально-сырьевые ресурсы 
610 1 |a доступность 
610 1 |a полезные ископаемые 
610 1 |a месторождения 
610 1 |a экономическая оценка 
610 1 |a классификации 
610 1 |a освоение 
610 1 |a минеральное сырье 
610 1 |a цены 
610 1 |a Россия 
610 1 |a США 
675 |a 553.04  |v 3 
700 1 |a Пешков  |b А. А.  |g Алексей Александрович 
701 1 |a Мацко  |b Н. А.  |g Наталья Аркадьевна 
712 0 2 |a Российская академия наук (РАН)  |b Институт проблем комплексного освоения недр (ИПКОН)  |c (Москва)  |2 stltpush  |3 (RuTPU)RU\TPU\col\4426 
801 1 |a RU  |b 63413507  |c 20040615  |g PSBO 
801 2 |a RU  |b 63413507  |c 20081117  |g PSBO 
942 |c BK 
959 |a 96/20040615  |d 2  |e 0  |f НФ:2